000 00902nam a2200229 a 4500
003 AKMAL
005 20230417141408.0
008 170525s2009 my | e | 000 0bmay d
020 _a9789839941746
_cRM88.00
040 _aAKMAL
_cAKMAL
082 0 4 _a923.3595 PAR
_222
090 _a923.3595
_bPAR
100 0 _aParidah Abd. Samad,
_d1952-
_97918
245 1 0 _aDatuk Seri Najib :
_bMalaysia's first political blue blood : a long political journey : from golden boy in Malaysia's politics to Malaysia's sixth prime minister /
_cParidah Abd. Samad
260 _aKuala Lumpur :
_bPartisan Publication & Distribution,
_c2009
300 _axxiii, 380p. ;
_c25cm.
600 0 _aNajib Tun Abdul Razak,
_cDato' Seri,
_d1953-
_97919
650 1 0 _aPrime ministers
_zMalaysia
_vBiography
_947
650 2 0 _aPoliticians
_zMalaysia
_vBiography
_9215
651 0 _aMalaysia
_xPolitics and government
_944
942 _2ddc
_cBOOK
999 _c4061
_d4061